Loading...
Literature - American Literature | 1 | 4 | 0 | 0 | 55 | 54 | 104.40 | 0 | 3 |
Science - Other Science | 2 | 2 | 1 | 0 | 45 | 32 | 72.75 | 2 | 4 |
Science - Biology | 0 | 3 | 0 | 1 | 30 | 105 | 127.33 | 0 | 0 |
Literature - European Literature | 0 | 2 | 0 | 1 | 20 | 81 | 120.00 | 0 | 1 |
Literature - World Literature | 0 | 2 | 0 | 0 | 20 | 98 | 110.50 | 0 | 0 |
Fine Arts - Classical Music and Opera | 0 | 2 | 0 | 1 | 20 | 166 | 167.50 | 0 | 0 |
Fine Arts - Visual Fine Arts | 0 | 2 | 0 | 0 | 20 | 89 | 99.00 | 0 | 1 |
Literature - British Literature | 0 | 2 | 0 | 0 | 20 | 152 | 159.50 | 0 | 1 |
History - European History | 0 | 1 | 0 | 0 | 10 | 130 | 130.00 | 0 | 0 |
Science - Chemistry | 0 | 1 | 0 | 0 | 10 | 127 | 127.00 | 0 | 0 |
Fine Arts - Other Fine Arts | 0 | 1 | 0 | 0 | 10 | 121 | 121.00 | 0 | 1 |
Science - Physics | 0 | 1 | 0 | 0 | 10 | 124 | 124.00 | 0 | 0 |
Science - Astronomy | 0 | 0 | 0 | 0 | 0 | 0.00 | 0 | 0 |